Ochrana pred hlukom v priemyselnej činnosti : Diplomová práca

Salvato in:
Dettagli Bibliografici
Autore principale: Prochászka, František (Autore)
Altri autori: Mudrik, Jozef, 1946- (xxx)
Natura: Manoscritto Libro
Lingua:slovacco
Pubblicazione: Trnava : STU v Bratislave MtF KAM, 1998
Soggetti:
Tags: Aggiungi Tag
Nessun Tag, puoi essere il primo ad aggiungerne!!

MARC

LEADER 00000ntm a22000003a 4500
001 stu78608
005 20160719155010.2
008 030124s1998----xo------------------slo-d
040 |a STU  |b slo 
041 0 |a slo 
044 |a xo 
100 1 |a Prochászka, František  |4 aut 
245 1 |a Ochrana pred hlukom v priemyselnej činnosti :  |b Diplomová práca 
260 |a Trnava :  |b STU v Bratislave MtF KAM,  |c 1998 
300 |a 85 s  |c abstr. 
650 7 |a pracovné prostredie  |2 stusub 
650 7 |a akustické veličiny  |2 stusub 
650 7 |a strojárske technológie  |2 stusub 
700 1 |a Mudrik, Jozef,  |d 1946-  |4 xxx  |u M200  |U MTF Ústav výrobných systémov a aplikovanej mechaniky  |T MTF Katedra aplikovanej mechaniky  |X 2780  |U M200  |Y M200  |7 A000002780 
996 |b 284M037019  |c M*DP-1719  |l MMSKP  |s P  |a 0  |w stu78608_0001